Stadia (Record no. 106749)

MARC details
000 -LEADER
fixed length control field 01565cam a2200277 4500
001 - CONTROL NUMBER
control field L137364
008 - FIXED-LENGTH DATA ELEMENTS--GENERAL INFORMATION
fixed length control field 070330s2006 xxk f 000 0 eng d
020 ## - INTERNATIONAL STANDARD BOOK NUMBER
International Standard Book Number 0750668446
-- 978075066844
035 ## - SYSTEM CONTROL NUMBER
System control number (Sirsi) u137364
041 0# - LANGUAGE CODE
Language code of text/sound track or separate title eng
050 04 - LIBRARY OF CONGRESS CALL NUMBER
Classification number 725.8 $2 18
100 1# - MAIN ENTRY--PERSONAL NAME
Personal name John, Gerant
245 00 - TITLE STATEMENT
Title Stadia
Remainder of title a design and development guide
260 ## - PUBLICATION, DISTRIBUTION, ETC.
Place of publication, distribution, etc. Oxford
Name of publisher, distributor, etc. Architectural Press
Date of publication, distribution, etc. 2006
300 ## - PHYSICAL DESCRIPTION
Extent xiv, 306p.
Dimensions 27cm.
350 ## - PRICE (NR) (BK AM CF MU VM SE) [OBSOLETE]
Price 34.99
505 2# - FORMATTED CONTENTS NOTE
Formatted contents note The stadium as a building type -- The future -- Masterplanning -- External planning -- Form and structure -- Security and anti-terrorism measures -- Activity area -- Sports and multi-purpose use -- Crowd control -- Providing for disabled people -- Spectator viewing -- Private viewing and facilities -- Circulation -- Food and beverage catering -- Toilet provision -- Retail sales and exhibitions -- The media -- Administrative operations -- Facilities for players and officials -- Services -- Maintenance -- Operation and funding -- Sustainable design -- Stadia and tourism
520 ## - SUMMARY, ETC.
Summary, etc. Discusses the conception, design and development of stadia, and the ways in which stadium development can be made sustainable. Discusses the building processes, materials used, fixtures needed and the management of stadia. Provides case studies of recent international projects.
590 ## - LOCAL NOTE (RLIN)
Local note KA
651 #4 - SUBJECT ADDED ENTRY--GEOGRAPHIC NAME
Geographic name International
690 ## - LOCAL SUBJECT ADDED ENTRY--TOPICAL TERM (OCLC, RLIN)
Topical term or geographic name as entry element PROPERTY-COMMERCIAL PROPERTY-LEISURE PROPERTY-SPORTS PROPERTY-SPORTS FACILITIES
700 1# - ADDED ENTRY--PERSONAL NAME
Personal name Sheard, Rod
700 1# - ADDED ENTRY--PERSONAL NAME
Personal name Vickery, Ben
942 ## - ADDED ENTRY ELEMENTS (KOHA)
Suppress in OPAC 0
Holdings
Withdrawn status Lost status Source of classification or shelving scheme Damaged status Not for loan Home library Current library Shelving location Date acquired Total Checkouts Full call number Barcode Date last seen Date last checked out Copy number Price effective from Koha item type
    Dewey Decimal Classification     London London Books 27/04/2007 5 F 725.8 JOH 30073780 06/08/2019 23/02/2009 1 06/08/2019 Book